ბათუმის შოთა რუსთაველის სახელმწიფო უნივერსიტეტის ბიბლიოთეკა

გამორჩეული 5 მცენარე- 5 სამკურნალო ვარსკვლავი / (ბიბ.ჩანაწერი № 62927)

000 -ლიდერი
ფიქსირებული სიგრძის საკონტროლო ველი 00801nam a22001817a 4500
003 - საკონტროლო ნომრის იდენტიფიკატორი
საკონტროლო ველი Ge_BSU
005 - ბოლო ოპერაციის თარიღი და დრო
საკონტროლო ველი 20250324151425.0
008 - ფიქსირებული სიგრძის მონაცემთა ელემენტები - ზოგადი ინფორმაცია
ფიქსირებული სიგრძის საკონტროლო ველი 250324s2018 ge ||||| |||| 00| 0 geo d
041 ## - ენის კოდი
Language code of text/sound track or separate title geo
080 ## - უნივერსალური ათობითი კლასიფიკაციის ინდექსი
Universal Decimal Classification number 581.6:615.32(479.22) თ-68
100 ## - მთავარი ჩანაწერი - პიროვნების სახელი
Personal name თოდუა, ვაჟა
9 (RLIN) 24655
245 ## - ცნობა სათაურის შესახებ
Title გამორჩეული 5 მცენარე- 5 სამკურნალო ვარსკვლავი /
Statement of responsibility, etc ვაჟა თოდუა; მთავარი რედ. რეზო ჯაბნიძე.
264 ## - წარმოების, გამოცემის, დისტრიბუციის და სხვა ცნობები
გამოცემის, წარმოების, დისტრიბუციის... ადგილი [თბილისი],
გამოცემის, წარმოების, დისტრიბუციის... თარიღი 2018.
300 ## - ფიზიკური აღწერა
Extent 168 გვ. :
Other physical details ილ.;
Dimensions 21 სმ.
653 ## - INDEX TERM--UNCONTROLLED
Uncontrolled term სამკურნალო მცენარეები
700 ## - ADDED ENTRY--PERSONAL NAME
Personal name ჯაბნიძე, რეზო
Relator term რედაქტორი
9 (RLIN) 2484
942 ## - ADDED ENTRY ELEMENTS (KOHA)
Source of classification or shelving scheme
Koha item type წიგნი
ეგზემპლარები
ჩამოწერის სტატუსი დაკარგული ეგზემპლარის სტატუსი კლასიფიკაციის წყარო ან თაროზე გაწყობის სქემა დაზიანების სტატუსი არ გაიცემა მუდმივი მდებარეობა (დაცვის ადგილი) ამჟამინდელი ადგილსამყოფელი თაროზე განთავსების ადგილი შეძენის თარიღი ღირებულება, შესყიდვის ნორმალური ფასი სრული შენახვის შიფრი შტრიხკოდი ბოლო ოპერაციის თარიღი ეგზემპლარის მიმდევრობითი ნომერი (კეტერი?) ფასის ძალაში შესვლის თარიღი ეგზემპლარის სახეობა საჯარო შენიშვნა
          აგრარული და მემბრანული ტექნოლოგიების ინსტიტუტის ბიბლიოთეკა აგრარული და მემბრანული ტექნოლოგიების ინსტიტუტის ბიბლიოთეკა წიგნსაცავი 2025-03-24 8.00 581.6:615.32(479.22) თ-68 70917 2025-03-24 70917 2025-03-24 წიგნი 8 ლ.